000 00427nam a2200181Ia 4500
001 10496
005 20260306161836.0
008 260306t1967||||xx |||||||||||||| ||spa||
041 _aESP
082 _a938
_bT869
100 _aToynbee, Arnold J.
_eAUT
245 0 _aEl pensamiento histórico griego
260 _c1967
300 _a259 páginas :
_c18 cm.
650 _aGEN
654 _aCHU
942 _cLIB
_dJUS
_fJUS
_2ddc
_n
999 _c10496
_d10496